00734nam a2200205 a 4500003000200000005001700002008004100019050002800060100002500088245006700113260009200180300004000272504004100312650002200353650002600375650003200401650003500433650003300468650002700501020250312134157.0080728s19uu xx 00 eng d aPGS BJ 1631b.R773 2008 aRonquillo, Russelle. aPersonal values developed in RVED Class /cRusselle Ronquillo. aLas Piñas City, Philippines : bSouthville International School and Colleges,c2008. a22 pages :billustrations ;c28 cm. aIncludes bibliographical references. aMoral education.  aReligious education.  aValuesvStudy and teaching. aSex differences in education.  aEthicsvStudy and teaching.  aCharacter development.